000 00588nam a2200193Ia 4500
008 090124s9999 xx 000 0 und d
020 _a81-7434-308-3
082 _b43522
100 _aपेठे मेघना
245 _aNATICHARAMI नातिचरामि
250 _a2
260 _bराजहंस प्रकाशन
_c2005
300 _a335
600 _aपेठे मेघना
630 _aNATICHARAMI नातिचरामि
700 _aपेठे मेघना
730 _aNATICHARAMI नातिचरामि
942 _cBOOK
999 _c109751
_d109751